| 000 | nam a22 a 4500 | ||
|---|---|---|---|
| 999 |
_c401691 _d401691 |
||
| 003 | BLK | ||
| 005 | 20210331101647.0 | ||
| 008 | 210322b bu |||||r|||| 00| | bu d | ||
| 040 | _aBLK | ||
| 041 |
_aBUL _cBUL |
||
| 080 |
_aМарксизъм-ленинизъм. Научен комунизъм _b141.82 _z141.82 |
||
| 100 |
_91299 _aДьовил, Габриел _eпърви автор |
||
| 139 | _aДьовил, Габриел | ||
| 245 |
_aЕволюцията на капитала _bПопул. изложение на истор. и екон. взглядове на Карл Маркса _cГабриел Девил ; Прев. от фр. |
||
| 260 |
_aСевлиево _bб.и. _c1892 _fСевлиево : Скоропеч. П. Мутафов и сие |
||
| 300 |
_a40, 164 с. _c20 см |
||
| 380 | _a1 | ||
| 490 |
_9435080 _aКолекция Редки и ценни издания |
||
| 500 | _aекз. с инв. N 12064 и сигн. Рб 892 подвързан с 2 книги | ||
| 505 |
_rЛеон Ришер _tСвободната жена |
||
| 505 |
_rВасилий Иванович Лядов _tРъководство към въспитание и обучение на децата |
||
| 600 | 0 |
_9365572 _aМаркс, Карл |
|
| 650 | 0 |
_9250564 _aМарксизъм-ленинизъм |
|
| 700 |
_91177 _aБалабанов, Слави Христов _eпрев. от фр. |
||
| 852 |
_aРб 892 _bЦб |
||
| 852 |
_aРб 892 _bРц |
||
| 942 |
_cKNG _n0 _s1 |
||
| 944 |
_aCR _c2021-03-26 _kВЙ |
||
| 999 | _d401691 | ||
| 999 | _d401691 | ||
| 999 | _d401691 | ||